[Event "Titled Tuesday intern op 09th Feb"]
[Site "Chess.com INT"]
[Date "2021.02.09"]
[Round "2"]
[White "Seliverstov, Vladimir"]
[Black "Pandey, Srishti"]
[Result "1-0"]
[WhiteElo "2462"]
[BlackElo "2026"]
[PlyCount "89"]
[EventDate "2021.02.09"]
[EventType "swiss (blitz)"]
[EventRounds "11"]
[EventCountry "USA"]
[SourceTitle "EXT 2022"]
[Source "ChessBase"]
[SourceDate "2021.10.06"]
[SourceVersion "1"]
[SourceVersionDate "2021.10.06"]
[SourceQuality "1"]

1. d4 d5 2. Bf4 Nf6 3. e3 e6 4. Nf3 Bd6 5. Ne5 Nbd7 6. Bd3 0-0 7. Nd2 Qe7 8. g4 c5 9. g5 Ne8 10. Qh5 g6 11. Qf3 c4 12. Be2 f6 13. gxf6 Nexf6 14. Qg3 Bxe5 15. dxe5 Ne8 16. h4 Ng7 17. h5 Nf5 18. Qg2 Qg7 19. hxg6 hxg6 20. Nf3 Nc5 21. Ng5 Bd7 22. 0-0-0 c3 23. Rh7 cxb2+ 24. Kxb2 Qxh7 25. Nxh7 Kxh7 26. Bg4 Kg7 27. Bxf5 Rxf5 28. Rh1 Rg8 29. Qh3 Kf7 30. Qh7+ Rg7 31. Qh8 g5 32. Rh7 Rxh7 33. Qxh7+ Ke8 34. Qg8+ Rf8 35. Qxg5 Ne4 36. Qh4 Bc6 37. f3 Nc5 38. Bg5 Kd7 39. Qh7+ Kc8 40. Be7 Na4+ 41. Kc1 Rxf3 42. Bd6 Rf1+ 43. Kd2 Kd8 44. Qe7+ Kc8 45. Qc7# 1-0

[Event "Titled Tuesday intern op 09th Feb"]
[Site "Chess.com INT"]
[Date "2021.02.09"]
[Round "1"]
[White "Tokman, Ariel"]
[Black "Seliverstov, Vladimir"]
[Result "0-1"]
[WhiteElo "2316"]
[BlackElo "2462"]
[PlyCount "64"]
[EventDate "2021.02.09"]
[EventType "swiss (blitz)"]
[EventRounds "11"]
[EventCountry "USA"]
[SourceTitle "EXT 2022"]
[Source "ChessBase"]
[SourceDate "2021.10.06"]
[SourceVersion "1"]
[SourceVersionDate "2021.10.06"]
[SourceQuality "1"]

1. Nf3 g6 2. g3 Bg7 3. Bg2 Nf6 4. 0-0 0-0 5. c4 d6 6. d4 c6 7. Nc3 Qa5 8. Bg5 h6 9. Bd2 Qh5 10. h4 e5 11. Qc2 Re8 12. dxe5 dxe5 13. e4 Qg4 14. Rfd1 Na6 15. a3 Qe6 16. Na4 b5 17. cxb5 cxb5 18. Nc5 Nxc5 19. Qxc5 Nxe4 20. Qxb5 Ba6 21. Qa4 Nxd2 22. Rxd2 e4 23. Nd4 Qb6 24. Re1 Rad8 25. Nb3 Bb5 26. Qb4 Rxd2 27. Nxd2 e3 28. fxe3 Rxe3 29. Rxe3 Qxe3+ 30. Kh2 Bd7 31. Ne4 Bd4 32. Qb8+ Kg7 0-1

[Event "Titled Tuesday intern op 26th Jan"]
[Site "Chess.com INT"]
[Date "2021.01.26"]
[Round "2"]
[White "Shuvalov, Evgenij"]
[Black "Seliverstov, Vladimir"]
[Result "0-1"]
[WhiteElo "2182"]
[BlackElo "2462"]
[PlyCount "42"]
[EventDate "2021.01.26"]
[EventType "swiss (blitz)"]
[EventRounds "11"]
[EventCountry "USA"]
[SourceTitle "CBM 200 Extra"]
[Source "ChessBase"]
[SourceDate "2021.03.31"]
[SourceVersion "1"]
[SourceVersionDate "2021.03.31"]
[SourceQuality "1"]

1. Nf3 g6 2. c4 Bg7 3. d4 d6 4. Nc3 Nc6 5. h3 e5 6. dxe5 Nxe5 7. Nxe5 Bxe5 8. Bd2 Be6 9. e3 Ne7 10. Be2 0-0 11. 0-0 Nf5 12. Rc1 Nh4 13. b3 Qg5 14. Bf3 Bxh3 15. Ne4 Qf5 16. Ng3 Nxf3+ 17. gxf3 Bxg3 18. fxg3 Bxf1 19. Kxf1 Qh3+ 20. Kf2 Qh2+ 21. Kf1 Qxg3 0-1

[Event "Titled Tuesday intern op 26th Jan"]
[Site "Chess.com INT"]
[Date "2021.01.26"]
[Round "7"]
[White "Zhigalko, Sergei"]
[Black "Seliverstov, Vladimir"]
[Result "1-0"]
[WhiteElo "2572"]
[BlackElo "2462"]
[PlyCount "47"]
[EventDate "2021.01.26"]
[EventType "swiss (blitz)"]
[EventRounds "11"]
[EventCountry "USA"]
[SourceTitle "CBM 200 Extra"]
[Source "ChessBase"]
[SourceDate "2021.03.31"]
[SourceVersion "1"]
[SourceVersionDate "2021.03.31"]
[SourceQuality "1"]

1. e4 c5 2. Nf3 g6 3. c3 Nc6 4. d4 cxd4 5. cxd4 d5 6. exd5 Qxd5 7. Nc3 Qd6 8. d5 Ne5 9. Bb5+ Bd7 10. Bxd7+ Nxd7 11. 0-0 Ngf6 12. Qe2 a6 13. Bg5 Bg7 14. Rfe1 Rc8 15. Rad1 b5 16. Bf4 Qc5 17. Nxb5 0-0 18. Nc3 Rfe8 19. Qxa6 Nh5 20. Be3 Qc7 21. d6 exd6 22. Nb5 Qc4 23. b3 Qg4 24. h3 1-0

[Event "Titled Tuesday intern op 29th Dec"]
[Site "Chess.com INT"]
[Date "2020.12.29"]
[Round "1"]
[White "Bouget, Alexandre"]
[Black "Seliverstov, Vladimir"]
[Result "0-1"]
[WhiteElo "2247"]
[BlackElo "2462"]
[PlyCount "104"]
[EventDate "2020.12.29"]
[EventType "swiss (blitz)"]
[EventRounds "11"]
[EventCountry "USA"]
[SourceTitle "CBM 200 Extra"]
[Source "ChessBase"]
[SourceDate "2021.03.31"]
[SourceVersion "1"]
[SourceVersionDate "2021.03.31"]
[SourceQuality "1"]

1. d4 g6 2. c4 Bg7 3. e4 d6 4. Nc3 Nc6 5. Be3 e5 6. d5 Nce7 7. Qd2 f5 8. f3 Nf6 9. Bd3 0-0 10. Nge2 Bd7 11. 0-0 f4 12. Bf2 g5 13. c5 a6 14. Rac1 Ng6 15. Bc4 Kh8 16. b4 g4 17. Kh1 Nh5 18. fxg4 Bxg4 19. Ng1 Bf6 20. Be2 Bxe2 21. Qxe2 Ng7 22. Nf3 Rg8 23. Na4 Qe8 24. Qc2 Nh5 25. cxd6 cxd6 26. Nb6 Rd8 27. Qe2 Ne7 28. Rc7 Qg6 29. Bh4 Bxh4 30. Nxh4 Qg5 31. Nf3 Qh6 32. Kg1 Rg7 33. Rf2 Ng6 34. Qc4 Rdg8 35. Rxg7 Qxg7 36. Ng5 Nh4 37. Ne6 Qg4 38. Qf1 f3 39. g3 Nxg3 40. hxg3 Qxg3+ 41. Kh1 Rg6 42. Rh2 Qg2+ 43. Rxg2 fxg2+ 44. Kg1 gxf1Q+ 45. Kxf1 Nf3 46. Nc8 Nd2+ 47. Ke2 Nxe4 48. Ke3 Nc3 49. Nxd6 Nxd5+ 50. Ke4 Rxe6 51. Kxd5 Rxd6+ 52. Kxd6 e4 0-1

[Event "Titled Tuesday intern op 29th Dec"]
[Site "Chess.com INT"]
[Date "2020.12.29"]
[Round "6"]
[White "Fedoseev, Vladimir1111"]
[Black "Seliverstov, Vladimir"]
[Result "1/2-1/2"]
[WhiteElo "2674"]
[BlackElo "2462"]
[PlyCount "114"]
[EventDate "2020.12.29"]
[EventType "swiss (blitz)"]
[EventRounds "11"]
[EventCountry "USA"]
[SourceTitle "CBM 200 Extra"]
[Source "ChessBase"]
[SourceDate "2021.03.31"]
[SourceVersion "1"]
[SourceVersionDate "2021.03.31"]
[SourceQuality "1"]

1. d4 d5 2. c4 c6 3. Nf3 Nf6 4. Qb3 g6 5. Bf4 dxc4 6. Qxc4 Be6 7. Qa4 Bg7 8. Nc3 0-0 9. e3 c5 10. dxc5 Nd5 11. Nxd5 Qxd5 12. Qa3 Nd7 13. Rc1 Rac8 14. b4 Qxa2 15. Qxa2 Bxa2 16. Bb5 Nb8 17. Be5 a6 18. Bxg7 Kxg7 19. Ba4 Nc6 20. Bxc6 Rxc6 21. Nd4 Rc7 22. f4 e5 23. fxe5 Re8 24. Kf2 Rxe5 25. Rhd1 Bd5 26. Rc3 Be4 27. Nf3 Bxf3 28. gxf3 a5 29. bxa5 Rcxc5 30. Rxc5 Rxc5 31. Rd7 Rxa5 32. Rxb7 Ra6 33. e4 h5 34. h4 Kf6 35. Kg3 Ke6 36. Kf4 Rc6 37. Kg5 Rc3 38. Kf4 Rc6 39. Rb5 Ra6 40. Kg5 Ra3 41. f4 Rg3+ 42. Kh6 Rg4 43. f5+ Kf6 44. Rb6+ Ke5 45. f6 g5 46. hxg5 h4 47. Rb5+ Kf4 48. Kg7 Rxg5+ 49. Rxg5 Kxg5 50. Kxf7 h3 51. Kg7 h2 52. f7 h1Q 53. f8Q Qh6+ 54. Kg8 Qxf8+ 55. Kxf8 Kf4 56. Ke7 Ke5 57. Kf7 Kxe4 1/2-1/2

[Event "Titled Tuesday intern op 29th Dec"]
[Site "Chess.com INT"]
[Date "2020.12.29"]
[Round "2"]
[White "Seliverstov, Vladimir"]
[Black "Ezat, Mohamed Mahmoud"]
[Result "1-0"]
[WhiteElo "2462"]
[BlackElo "2408"]
[PlyCount "69"]
[EventDate "2020.12.29"]
[EventType "swiss (blitz)"]
[EventRounds "11"]
[EventCountry "USA"]
[SourceTitle "CBM 200 Extra"]
[Source "ChessBase"]
[SourceDate "2021.03.31"]
[SourceVersion "1"]
[SourceVersionDate "2021.03.31"]
[SourceQuality "1"]

1. d4 Nf6 2. Nf3 g6 3. g3 Bg7 4. Bg2 0-0 5. 0-0 d6 6. b3 Nc6 7. Bb2 e5 8. dxe5 Ng4 9. c4 a5 10. Nc3 Ngxe5 11. Nxe5 Nxe5 12. Qd2 a4 13. Rfd1 a3 14. Bc1 Re8 15. Rb1 Bf5 16. Bxb7 Rb8 17. Bd5 Bxb1 18. Nxb1 c6 19. Bg2 Nxc4 20. Qc2 Nb2 21. Rd2 d5 22. Nxa3 Qa5 23. Bxb2 Bxb2 24. Qxb2 Ra8 25. Nb1 Re6 26. Bf3 Rae8 27. Kg2 h5 28. h4 Qb4 29. Qd4 Qa5 30. Rc2 Qe1 31. Nc3 Ra8 32. b4 Ra3 33. b5 cxb5 34. Nxd5 Ra8 35. Nf6+ 1-0